000 00638nam a2200169 a 4500
001 000013412
003 DO-SdBNP
005 20240927073747.0
008 091124s1971 dr r 000 0 spa d
040 _aDO-SdBNP
_bspa
_cBNPHU
082 _axxxx
_bxxxx
100 1 _a Balaguer, Joaquín,
_d1906-2002
_976556
245 1 0 _aCon Dios, con la patria, y con la libertad :
_bdiscurso pronunciado por el presidente de la República Dominicana, Dr. Joaquín Balaguer, desde su despacho del Palacio Nacional, el 24 de febrero de 1971 /.
260 _aSanto Domingo :
_bEditora del Caribe,
_c1971.
300 _a18 p. ;
_c23 cm.
942 _2ddc
_cLBS1
999 _c13038
_d13038